[Event "Florianopolis op 10th"]
[Site "Florianopolis"]
[Date "2024.01.22"]
[Round "3"]
[White "Milkievicz Da Rocha, Mateus"]
[Black "Felizes, Paulo Alberto"]
[Result "1/2-1/2"]
[WhiteElo "1468"]
[BlackElo "1855"]
[PlyCount "62"]
[EventDate "2024.01.20"]
[EventType "swiss"]
[EventRounds "10"]
[EventCountry "BRA"]
[SourceTitle "CB05_2024"]
[SourceDate "2024.01.31"]
[SourceVersion "1"]
[SourceVersionDate "2024.01.31"]
[SourceQuality "1"]

1. e4 e5 2. Nf3 Nc6 3. Bb5 f5 4. d3 fxe4 5. dxe4 Nf6 6. Nc3 d6 7. h3 Be7 8. 0-0 0-0 9. Bc4+ Kh8 10. Ng5 Qe8 11. Be6 Nd4 12. Bxc8 Rxc8 13. Ne2 Nxe2+ 14. Qxe2 Nh5 15. Ne6 Rf6 16. Qg4 Qg6 17. Ng5 Rcf8 18. Qd7 Bd8 19. g4 Nf4 20. Bxf4 exf4 21. Nf3 Qxe4 22. Kg2 Qe6 23. Qb5 c6 24. Qxb7 Rg6 25. Qxc6 d5 26. Qxe6 Rxe6 27. Rfe1 Rc6 28. Re2 Bf6 29. Rb1 h6 30. c3 Rb8 31. Nd4 Rxc3 1/2-1/2

[Event "Florianopolis op 10th"]
[Site "Florianopolis"]
[Date "2024.01.21"]
[Round "2"]
[White "Felizes, Paulo Alberto"]
[Black "De Siqueira, Luigy Lira"]
[Result "0-1"]
[WhiteElo "1855"]
[BlackElo "2230"]
[PlyCount "156"]
[EventDate "2024.01.20"]
[EventType "swiss"]
[EventRounds "10"]
[EventCountry "BRA"]
[SourceTitle "CB05_2024"]
[SourceDate "2024.01.31"]
[SourceVersion "1"]
[SourceVersionDate "2024.01.31"]
[SourceQuality "1"]

1. d4 d5 2. Bg5 h6 3. Bh4 c5 4. dxc5 g5 5. Bg3 Bg7 6. c3 Nc6 7. e3 Nf6 8. Nf3 Ne4 9. Nd4 Nxc5 10. Nb5 Ne6 11. Be2 a6 12. Nd4 Nc5 13. Nd2 e5 14. Nxc6 bxc6 15. h4 Bf5 16. hxg5 hxg5 17. Rxh8+ Bxh8 18. b4 Ne4 19. Nxe4 Bxe4 20. f3 Bf5 21. e4 dxe4 22. Qxd8+ Kxd8 23. 0-0-0+ Ke7 24. Bf2 exf3 25. Bc5+ Ke8 26. gxf3 e4 27. fxe4 Bxe4 28. Bg4 Bd5 29. Re1+ Be6 30. Bxe6 fxe6 31. Rxe6+ Kf7 32. Rxc6 Bxc3 33. Be3 Bf6 34. a4 g4 35. Bf4 Be7 36. b5 axb5 37. axb5 Ra3 38. b6 g3 39. b7 g2 40. Bh2 Rb3 41. Rc2 Ba3+ 42. Kd1 Rb1+ 43. Ke2 Bd6 44. Kf3 Bxh2 45. Rxg2 Bb8 46. Ke4 Rxb7 47. Kd5 Rd7+ 48. Ke4 Kf6 49. Rf2+ Ke6 50. Rg2 Be5 51. Ra2 Rd4+ 52. Ke3 Rc4 53. Kd3 Rd4+ 54. Ke3 Rh4 55. Rc2 Bd4+ 56. Kf3 Kf5 57. Rg2 Rf4+ 58. Ke2 Ke4 59. Rh2 Be3 60. Rh7 Rf2+ 61. Ke1 Rg2 62. Kf1 Rg8 63. Ke2 Rg2+ 64. Kf1 Rc2 65. Rh8 Kf4 66. Rf8+ Kg3 67. Ke1 Bh6 68. Rh8 Bf4 69. Kd1 Rd2+ 70. Ke1 Kf3 71. Rh3+ Ke4 72. Rh7 Ra2 73. Re7+ Kf3 74. Kd1 Rd2+ 75. Ke1 Rc2 76. Rd7 Rc8 77. Rd3+ Be3 78. Rd1 Rg8 0-1

[Event "Rio de Janeiro Duchamp op 4th"]
[Site "Rio de Janeiro"]
[Date "2022.12.14"]
[Round "9"]
[White "Felizes, Paulo Alberto"]
[Black "Hirano, Enzo Erich Kreutz"]
[Result "1-0"]
[WhiteElo "1916"]
[BlackElo "1691"]
[PlyCount "44"]
[EventDate "2022.12.07"]
[EventType "swiss"]
[EventRounds "9"]
[EventCountry "BRA"]
[SourceTitle "EXT 2024"]
[Source "ChessBase"]
[SourceDate "2023.10.10"]
[SourceVersion "1"]
[SourceVersionDate "2023.10.10"]
[SourceQuality "1"]

1. d4 Nf6 2. Bg5 e6 3. e4 h6 4. Bxf6 Qxf6 5. Nf3 c5 6. Nc3 a6 7. Na4 Qd8 8. dxc5 Bxc5 9. Nxc5 Qa5+ 10. c3 Qxc5 11. Qd4 Qxd4 12. cxd4 d5 13. Rc1 Nc6 14. Bd3 Bd7 15. Kd2 0-0 16. Rhe1 Rac8 17. exd5 exd5 18. Ne5 Nxe5 19. Rxe5 Rxc1 20. Kxc1 Re8 21. Rxd5 Bc6 22. Re5 Bxg2 1-0

[Event "Figueira da Foz op 12th"]
[Site "Figueira da Foz"]
[Date "2018.11.02"]
[Round "7"]
[White "Felizes, Paulo Alberto"]
[Black "Morais, Vitor Mestre"]
[Result "0-1"]
[WhiteElo "1965"]
[BlackElo "1918"]
[PlyCount "98"]
[EventDate "2018.10.28"]
[EventType "swiss"]
[EventRounds "9"]
[EventCountry "POR"]
[SourceTitle "CBM 187 Extra"]
[Source "ChessBase"]
[SourceDate "2018.11.04"]
[SourceVersion "1"]
[SourceVersionDate "2018.11.04"]
[SourceQuality "1"]

1. d4 d6 2. e4 Nf6 3. Nc3 g6 4. h4 h5 5. Bg5 Bg7 6. e5 Nh7 7. Nf3 Nxg5 8. Nxg5 dxe5 9. Qf3 0-0 10. Bc4 e6 11. d5 exd5 12. Bxd5 Qe7 13. Bxb7 Bxb7 14. Qxb7 Nd7 15. Nd5 Qc5 16. Rd1 Nb6 17. b4 Qc4 18. Nxf7 Rab8 19. Qxc7 Qxc7 20. Nxc7 Rxf7 21. Ne6 Rc8 22. Nc5 Bf8 23. Nd3 e4 24. Ne5 Bxb4+ 25. Ke2 Rxc2+ 26. Ke3 Rfxf2 27. Nxg6 Rxg2 28. Nf4 Bd2+ 29. Kxe4 Bxf4 30. Kxf4 Rxa2 31. Ra1 Kg7 32. Rhg1 Kf6 33. Rxa2 Rxa2 34. Rg5 Ra4+ 35. Kf3 Rxh4 36. Ra5 Nc8 37. Ra6+ Kf5 38. Ra5+ Ke6 39. Kg3 Rh1 40. Kg2 Re1 41. Rxh5 Re5 42. Rh6+ Kd7 43. Kf3 a5 44. Kf4 Re6 45. Rh5 a4 46. Ra5 Nb6 47. Kf5 Re8 48. Rb5 Kc6 49. Rb1 Kc5 0-1

[Event "Figueira da Foz op 12th"]
[Site "Figueira da Foz"]
[Date "2018.11.01"]
[Round "6"]
[White "Puglia, Francesco"]
[Black "Felizes, Paulo Alberto"]
[Result "1/2-1/2"]
[WhiteElo "1803"]
[BlackElo "1965"]
[PlyCount "33"]
[EventDate "2018.10.28"]
[EventType "swiss"]
[EventRounds "9"]
[EventCountry "POR"]
[SourceTitle "CBM 187 Extra"]
[Source "ChessBase"]
[SourceDate "2018.11.04"]
[SourceVersion "1"]
[SourceVersionDate "2018.11.04"]
[SourceQuality "1"]

1. g3 d5 2. Bg2 c5 3. c4 d4 4. d3 e5 5. Nd2 f5 6. b4 cxb4 7. a3 Nc6 8. Ngf3 bxa3 9. 0-0 Nf6 10. Qb3 Qb6 11. Bxa3 e4 12. Bxf8 Qxb3 13. Nxb3 exf3 14. Bxg7 fxg2 15. Kxg2 Rf8 16. Bxf8 Kxf8 17. Rfb1 1/2-1/2

[Event "Figueira da Foz op 12th"]
[Site "Figueira da Foz"]
[Date "2018.10.29"]
[Round "2"]
[White "Felizes, Paulo Alberto"]
[Black "Asvestopoulou, Evdokia"]
[Result "1-0"]
[WhiteElo "1965"]
[BlackElo "1720"]
[PlyCount "79"]
[EventDate "2018.10.28"]
[EventType "swiss"]
[EventRounds "9"]
[EventCountry "POR"]
[SourceTitle "CBM 187 Extra"]
[Source "ChessBase"]
[SourceDate "2018.11.04"]
[SourceVersion "1"]
[SourceVersionDate "2018.11.04"]
[SourceQuality "1"]

1. d4 Nf6 2. Bg5 d5 3. Nd2 h6 4. Bxf6 gxf6 5. c4 c5 6. cxd5 Qxd5 7. dxc5 Qxc5 8. Rc1 Qf5 9. e4 Qe6 10. Qh5 Rh7 11. Bc4 Qd7 12. Bb5 Nc6 13. Ngf3 a6 14. Ba4 b5 15. Bb3 Bb7 16. 0-0 Nd4 17. Nxd4 Qxd4 18. Rc7 Qb6 19. Rfc1 Rd8 20. Bd5 Bxd5 21. exd5 Qd4 22. Qf5 Rg7 23. Rc8 e6 24. Rxd8+ Kxd8 25. dxe6 fxe6 26. Qc2 Ke8 27. Qc6+ Kf7 28. Nb3 Qg4 29. Re1 Be7 30. g3 Rg5 31. Kg2 Rh5 32. Re4 Qh3+ 33. Kf3 Qf5+ 34. Rf4 Qd3+ 35. Kg2 Rd5 36. Qxa6 Rd6 37. Qb7 Rd7 38. Qf3 Qc2 39. Qh5+ Kg7 40. Rg4+ 1-0

[Event "Rio de Janeiro Duchamp Memorial"]
[Site "Rio de Janeiro"]
[Date "2017.11.24"]
[Round "8"]
[White "Felizes, Paulo Alberto"]
[Black "Galego, Luis"]
[Result "0-1"]
[WhiteElo "1997"]
[BlackElo "2479"]
[PlyCount "80"]
[EventDate "2017.11.19"]
[EventType "swiss"]
[EventRounds "9"]
[EventCountry "BRA"]
[EventCategory "1"]
[SourceTitle "CBM 181 Extra"]
[Source "ChessBase"]
[SourceDate "2017.12.12"]
[SourceVersion "1"]
[SourceVersionDate "2017.12.12"]
[SourceQuality "1"]

1. c4 e5 2. Nc3 Nf6 3. e4 Bc5 4. Be2 d6 5. Nf3 Nc6 6. 0-0 Nd4 7. d3 c6 8. Na4 Nxf3+ 9. Bxf3 Bd4 10. Be3 Bxe3 11. fxe3 0-0 12. d4 Qe7 13. Qe1 Bd7 14. Nc3 b5 15. cxb5 cxb5 16. Nd5 Nxd5 17. exd5 exd4 18. exd4 Qxe1 19. Rfxe1 Rfe8 20. Kf2 Kf8 21. Rac1 Rxe1 22. Kxe1 Ke7 23. Kd2 f5 24. h3 g5 25. Re1+ Kf6 26. Rc1 Rc8 27. Rxc8 Bxc8 28. Ke3 b4 29. a3 bxa3 30. bxa3 g4 31. hxg4 fxg4 32. Be2 Kg5 33. g3 h5 34. Bd3 Bf5 35. Be2 Bc2 36. Bf1 Bb3 37. Bg2 Bc4 38. Kf2 h4 39. gxh4+ Kxh4 40. Bh1 Kh3 0-1

[Event "Rio de Janeiro Duchamp Memorial"]
[Site "Rio de Janeiro"]
[Date "2017.11.23"]
[Round "6"]
[White "Felizes, Paulo Alberto"]
[Black "Teixeira, Ricardo da Silva"]
[Result "0-1"]
[WhiteElo "1997"]
[BlackElo "2225"]
[PlyCount "40"]
[EventDate "2017.11.19"]
[EventType "swiss"]
[EventRounds "9"]
[EventCountry "BRA"]
[EventCategory "1"]
[SourceTitle "CBM 181 Extra"]
[Source "ChessBase"]
[SourceDate "2017.12.12"]
[SourceVersion "1"]
[SourceVersionDate "2017.12.12"]
[SourceQuality "1"]

1. d4 e6 2. Nf3 f5 3. h3 b6 4. g4 Bb7 5. Rg1 Nf6 6. Nc3 Ne4 7. d5 Nxc3 8. bxc3 fxg4 9. Rxg4 Bxd5 10. e4 Bb7 11. Bg5 Be7 12. Qd4 Bf6 13. e5 Bxg5 14. Nxg5 Nc6 15. Qe4 Qe7 16. Nxh7 0-0-0 17. Ng5 Qc5 18. Rg3 Rdf8 19. f4 Rh4 20. 0-0-0 Rhxf4 0-1

[Event "Rio de Janeiro Duchamp Memorial"]
[Site "Rio de Janeiro"]
[Date "2017.11.20"]
[Round "2"]
[White "Souza Neves, Andrey Marcelo"]
[Black "Felizes, Paulo Alberto"]
[Result "0-1"]
[WhiteElo "2210"]
[BlackElo "1997"]
[PlyCount "64"]
[EventDate "2017.11.19"]
[EventType "swiss"]
[EventRounds "9"]
[EventCountry "BRA"]
[EventCategory "1"]
[SourceTitle "CBM 181 Extra"]
[Source "ChessBase"]
[SourceDate "2017.12.12"]
[SourceVersion "1"]
[SourceVersionDate "2017.12.12"]
[SourceQuality "1"]

1. d4 Nf6 2. Nf3 c5 3. e3 e6 4. Bd3 b6 5. Nbd2 Ba6 6. c4 Be7 7. 0-0 0-0 8. b3 Nc6 9. Bb2 d5 10. Ne5 Bb7 11. cxd5 Nxe5 12. dxe5 Qxd5 13. Nf3 Ne4 14. Qe2 Ng5 15. e4 Nxe4 16. Rad1 Qc6 17. Bb5 Qc8 18. Rd7 a6 19. Rxb7 Qxb7 20. Bd3 Ng5 21. Nxg5 Bxg5 22. Qh5 Bh6 23. f4 Rad8 24. Qh3 b5 25. Bb1 c4 26. f5 Qb6+ 27. Kh1 Qf2 28. g4 Qxb2 29. g5 Qxe5 30. Qh5 Rd2 31. gxh6 g6 32. Qg4 Qxh2# 0-1

[Event "Rio de Janeiro Duchamp Memorial"]
[Site "Rio de Janeiro"]
[Date "2017.11.19"]
[Round "1"]
[White "Felizes, Paulo Alberto"]
[Black "Santos Filho, Tadeu Souza"]
[Result "0-1"]
[WhiteElo "1997"]
[BlackElo "2091"]
[PlyCount "170"]
[EventDate "2017.11.19"]
[EventType "swiss"]
[EventRounds "9"]
[EventCountry "BRA"]
[EventCategory "1"]
[SourceTitle "CBM 181 Extra"]
[Source "ChessBase"]
[SourceDate "2017.12.12"]
[SourceVersion "1"]
[SourceVersionDate "2017.12.12"]
[SourceQuality "1"]

1. d4 d6 2. e4 Nf6 3. Nc3 g6 4. h4 h5 5. Bc4 c6 6. Nf3 b5 7. Bb3 b4 8. e5 bxc3 9. exf6 cxb2 10. Bxb2 exf6 11. d5 Qe7+ 12. Kf1 c5 13. Qd2 Nd7 14. Ba4 Bh6 15. Qe1 Bg7 16. Qa5 0-0 17. Qc7 Rb8 18. Bc3 Rb7 19. Qa5 Ne5 20. Nd2 Bd7 21. Re1 Bxa4 22. Qxa4 Qd8 23. Ba5 Qc8 24. Ne4 Qb8 25. Rh3 f5 26. Nd2 Nd7 27. Rb3 Rxb3 28. axb3 Nb6 29. Bxb6 axb6 30. Nf3 b5 31. Qa6 Bf6 32. Qc6 Rc8 33. Qd7 Rd8 34. Qc6 b4 35. g3 Qa8 36. Qc7 Qxd5 37. Re3 Qd1+ 38. Ne1 Qd5 39. Nf3 Qd1+ 40. Ne1 Qd5 41. Nf3 f4 42. gxf4 Qd1+ 43. Ne1 Qg4 44. Ng2 Qd7 45. Qb6 Kf8 46. Qa6 Rb8 47. Rd3 Be7 48. Qa1 Kg8 49. Qd1 Qb5 50. Qe2 Re8 51. f5 Bf8 52. Ne3 Re4 53. Qf3 Qe8 54. Nd5 Re1+ 55. Kg2 Qe5 56. fxg6 fxg6 57. Nf4 Qf6 58. Rd5 Re5 59. Rxe5 dxe5 60. Qd5+ Kh7 61. Ne6 Be7 62. Ng5+ Kg7 63. Ne6+ Kh6 64. Nxc5 Qxh4 65. Qxe5 Qg5+ 66. Qxg5+ Kxg5 67. Nd3 Bd6 68. f3 Kf5 69. Kh3 Ke6 70. Kh4 Kf5 71. Kh3 g5 72. Kg2 Ke6 73. Kf2 Kd5 74. Ke3 Be7 75. Ne1 h4 76. Kf2 Kd4 77. Kg2 Ke3 78. Kh3 Ke2 79. Nd3 Kxf3 80. Ne5+ Kf4 81. Ng6+ Kf3 82. Nxe7 g4+ 83. Kh2 Kf2 84. Nf5 g3+ 85. Kh3 g2 0-1

[Event "Rio de Janeiro Duchamp op"]
[Site "Rio de Janeiro"]
[Date "2017.11.18"]
[Round "9"]
[White "Souza Neves, Andrey Marcelo"]
[Black "Felizes, Paulo Alberto"]
[Result "1-0"]
[WhiteElo "2210"]
[BlackElo "1997"]
[PlyCount "68"]
[EventDate "2017.11.11"]
[EventType "swiss"]
[EventRounds "9"]
[EventCountry "BRA"]
[SourceTitle "CBM 181 Extra"]
[Source "ChessBase"]
[SourceDate "2017.12.12"]
[SourceVersion "1"]
[SourceVersionDate "2017.12.12"]
[SourceQuality "1"]

1. d4 d5 2. Nf3 Nc6 3. Bf4 Bg4 4. e3 e6 5. c4 Bb4+ 6. Nc3 Nf6 7. a3 Bxc3+ 8. bxc3 Ne4 9. Qc2 g5 10. Be5 f6 11. Bg3 h5 12. h3 Bf5 13. Bd3 Nxg3 14. fxg3 Ne7 15. cxd5 Bxd3 16. Qxd3 Qd6 17. 0-0 g4 18. Nd2 exd5 19. h4 Qxg3 20. Rxf6 0-0-0 21. Rf7 Rhf8 22. Raf1 Rxf7 23. Rxf7 Qxh4 24. Qh7 Re8 25. Qg7 g3 26. Nf1 Qe4 27. Qxg3 Qe6 28. Qf3 Qg6 29. Rf6 Qg5 30. Qf4 Qxf4 31. exf4 h4 32. Kf2 Rg8 33. Nh2 Rg3 34. Nf3 Rg4 1-0

[Event "Figueira da Foz op 11th"]
[Site "Figueira da Foz"]
[Date "2017.10.29"]
[Round "1"]
[White "Felizes, Paulo Alberto"]
[Black "Galego, Luis"]
[Result "0-1"]
[WhiteElo "1997"]
[BlackElo "2479"]
[PlyCount "92"]
[EventDate "2017.10.29"]
[EventType "swiss"]
[EventRounds "9"]
[EventCountry "POR"]
[SourceTitle "CBM 181 Extra"]
[Source "ChessBase"]
[SourceDate "2017.12.12"]
[SourceVersion "1"]
[SourceVersionDate "2017.12.12"]
[SourceQuality "1"]

1. d4 d5 2. Bg5 c6 3. Nd2 h6 4. Bf4 Qb6 5. Ngf3 Nf6 6. e3 Bf5 7. b3 e6 8. c4 Ba3 9. Be2 0-0 10. Ne5 Bb2 11. g4 Bh7 12. g5 hxg5 13. Bxg5 Nbd7 14. Rg1 Nxe5 15. Bxf6 Ng6 16. Rb1 Bc3 17. h4 gxf6 18. h5 Qa5 19. Qc2 Bxd2+ 20. Qxd2 Qxd2+ 21. Kxd2 Rad8 22. cxd5 Rxd5 23. f4 Kg7 24. Rbc1 Rfd8 25. hxg6 Bxg6 26. Bf3 Ra5 27. a4 Kf8 28. Rc4 Ke7 29. Ra1 Rh8 30. Rb4 Rh2+ 31. Ke1 b6 32. Rc1 Bh5 33. Bxc6 Re2+ 34. Kf1 Rxe3 35. Kf2 Re2+ 36. Kg3 Rf5 37. Rc3 Re1 38. Bg2 e5 39. fxe5 Rg5+ 40. Kh3 fxe5 41. dxe5 Rexe5 42. Rd4 Bg6 43. Bf3 Kf6 44. Rf4+ Kg7 45. b4 Re8 46. Rc7 Rh8+ 0-1

[Event "Capablanca Memorial op 52nd"]
[Site "Matanzas"]
[Date "2017.05.28"]
[Round "2"]
[White "Matsenko, Vadim"]
[Black "Felizes, Paulo Alberto"]
[Result "1-0"]
[WhiteElo "2106"]
[BlackElo "1976"]
[PlyCount "99"]
[EventDate "2017.05.27"]
[EventType "swiss"]
[EventRounds "10"]
[EventCountry "CUB"]
[SourceTitle "EXT 2018"]
[Source "ChessBase"]
[SourceDate "2017.10.13"]
[SourceVersion "1"]
[SourceVersionDate "2017.10.13"]
[SourceQuality "1"]

1. e4 e5 2. Nf3 Nc6 3. Bb5 f5 4. d3 fxe4 5. dxe4 Nf6 6. 0-0 d6 7. Nc3 Be7 8. h3 0-0 9. Bc4+ Kh8 10. Ng5 Qe8 11. Ne6 Bxe6 12. Bxe6 Nd4 13. Bc4 b5 14. Bd3 c5 15. Nd5 c4 16. Nxf6 Bxf6 17. Be2 Qc6 18. c3 Nxe2+ 19. Qxe2 d5 20. exd5 Qxd5 21. Rd1 Qc6 22. Be3 a5 23. a3 Bh4 24. Qg4 Bf6 25. Rd7 Rad8 26. Rad1 Rxd7 27. Qxd7 Qxd7 28. Rxd7 b4 29. axb4 axb4 30. cxb4 Rb8 31. Rc7 Kg8 32. Rxc4 Kf7 33. Kf1 Ke6 34. Ke2 Be7 35. Bd2 Kd5 36. Kd3 h5 37. f4 exf4 38. Rxf4 g6 39. Bc3 Bg5 40. Rd4+ Kc6 41. Kc4 Rc8 42. Re4 Kd6+ 43. Kb3 Bd8 44. Rd4+ Ke6 45. Rc4 Rb8 46. Rc6+ Kf5 47. Kc4 g5 48. b5 Kf4 49. Bd4 Kg3 50. Be5+ 1-0

[Event "Coimbra Queima das Fitas op"]
[Site "Coimbra"]
[Date "2017.04.30"]
[Round "4"]
[White "Felizes, Paulo Alberto"]
[Black "Pipiras, Filipa Fortuna"]
[Result "1-0"]
[WhiteElo "1979"]
[BlackElo "1606"]
[PlyCount "53"]
[EventDate "2017.04.28"]
[EventType "swiss"]
[EventRounds "7"]
[EventCountry "POR"]
[SourceTitle "CBM 178 Extra"]
[Source "ChessBase"]
[SourceDate "2017.06.22"]
[SourceVersion "1"]
[SourceVersionDate "2017.06.22"]
[SourceQuality "1"]

1. d4 Nf6 2. Bg5 Ne4 3. h4 c5 4. dxc5 Qa5+ 5. Nd2 Nxg5 6. hxg5 g6 7. c3 Qxc5 8. Ngf3 Bg7 9. e4 0-0 10. Bc4 Nc6 11. Qe2 a6 12. a4 Ne5 13. Nxe5 Qxe5 14. Qe3 Qc7 15. f4 d6 16. Qg3 Bd7 17. f5 Rfc8 18. Qh4 Qc5 19. Qxh7+ Kf8 20. f6 Qe3+ 21. Kd1 Bg4+ 22. Kc2 Qxg5 23. Qxg7+ Ke8 24. Qxf7+ Kd7 25. Qxe7+ Kc6 26. Bd5+ Kc5 27. b4+ 1-0

[Event "Lisbon Portugal op"]
[Site "Lisbon"]
[Date "2017.02.06"]
[Round "5"]
[White "Branco, Romulo Joao"]
[Black "Felizes, Paulo Alberto"]
[Result "0-1"]
[WhiteElo "1658"]
[BlackElo "1934"]
[PlyCount "62"]
[EventDate "2017.02.04"]
[EventType "swiss"]
[EventRounds "9"]
[EventCountry "POR"]
[SourceTitle "CBM 176 Extra"]
[Source "ChessBase"]
[SourceDate "2017.03.02"]
[SourceVersion "1"]
[SourceVersionDate "2017.03.02"]
[SourceQuality "1"]

1. d4 Nf6 2. c4 c5 3. e3 e6 4. Nc3 Be7 5. Nf3 0-0 6. g3 d5 7. dxc5 Qa5 8. Bd2 Qxc5 9. cxd5 exd5 10. Rc1 Nc6 11. Bg2 Bg4 12. h3 Bh5 13. Ne2 Qb5 14. Bc3 Nb4 15. Bxb4 Bxb4+ 16. Nd2 Ne4 17. Bxe4 dxe4 18. a3 Bf3 19. Rg1 Ba5 20. b4 Bb6 21. Nxf3 exf3 22. Nc3 Qh5 23. Na4 Rfd8 24. Qc2 Qxh3 25. Nxb6 axb6 26. Rd1 Rxd1+ 27. Kxd1 Rc8 28. Qe4 Qd7+ 29. Qd4 Qa4+ 30. Kd2 Qc2+ 31. Ke1 Qe2# 0-1

[Event "Lisbon Portugal op"]
[Site "Lisbon"]
[Date "2017.02.04"]
[Round "1"]
[White "Grigoryan, Karen H"]
[Black "Felizes, Paulo Alberto"]
[Result "1-0"]
[WhiteElo "2561"]
[BlackElo "1934"]
[PlyCount "65"]
[EventDate "2017.02.04"]
[EventType "swiss"]
[EventRounds "9"]
[EventCountry "POR"]
[SourceTitle "CBM 176 Extra"]
[Source "ChessBase"]
[SourceDate "2017.03.02"]
[SourceVersion "1"]
[SourceVersionDate "2017.03.02"]
[SourceQuality "1"]

1. e4 e5 2. Nf3 Nc6 3. Bb5 f5 4. Qe2 fxe4 5. Qxe4 Nf6 6. Qe2 Bd6 7. d4 e4 8. c3 Qe7 9. Nh4 a6 10. Nf5 Qf8 11. Ba4 b5 12. Bc2 Bb7 13. a4 b4 14. Nd2 0-0-0 15. 0-0 h5 16. Nxd6+ Qxd6 17. Nc4 Qe6 18. Bg5 Qd5 19. h4 Rde8 20. Ne3 Qf7 21. Qc4 Qxc4 22. Nxc4 Rhf8 23. Rfe1 d5 24. Nd2 a5 25. f3 exf3 26. gxf3 Ba6 27. Bg6 Re7 28. Nb3 Re2 29. Bf5+ Kb8 30. Rxe2 Bxe2 31. Nc5 Re8 32. Bxf6 gxf6 33. Bd7 1-0

[Event "Figueira da Foz op 10th"]
[Site "Figueira da Foz"]
[Date "2016.11.06"]
[Round "9"]
[White "Fernandes, Ricardo Paulos"]
[Black "Felizes, Paulo Alberto"]
[Result "1/2-1/2"]
[WhiteElo "1633"]
[BlackElo "1900"]
[PlyCount "22"]
[EventDate "2016.10.30"]
[EventType "swiss"]
[EventRounds "9"]
[EventCountry "POR"]
[SourceTitle "CBM 175 Extra"]
[Source "ChessBase"]
[SourceDate "2016.12.12"]
[SourceVersion "1"]
[SourceVersionDate "2016.12.12"]
[SourceQuality "1"]

1. e4 e5 2. Nf3 Nc6 3. Bc4 Nf6 4. Ng5 d5 5. exd5 b5 6. Bxb5 Qxd5 7. Nc3 Qxg2 8. Qf3 Qxf3 9. Nxf3 Bd7 10. Rg1 Bd6 11. Rxg7 Kf8 1/2-1/2

[Event "Figueira da Foz op 10th"]
[Site "Figueira da Foz"]
[Date "2016.11.05"]
[Round "8"]
[White "Felizes, Paulo Alberto"]
[Black "Stets, Dmitry"]
[Result "0-1"]
[WhiteElo "1900"]
[BlackElo "2436"]
[PlyCount "60"]
[EventDate "2016.10.30"]
[EventType "swiss"]
[EventRounds "9"]
[EventCountry "POR"]
[SourceTitle "CBM 175 Extra"]
[Source "ChessBase"]
[SourceDate "2016.12.12"]
[SourceVersion "1"]
[SourceVersionDate "2016.12.12"]
[SourceQuality "1"]

1. d4 g6 2. e4 Bg7 3. h4 h5 4. Bc4 c5 5. c3 cxd4 6. Nf3 d5 7. Bxd5 Nf6 8. Bb3 Nxe4 9. Nxd4 0-0 10. Be3 Nd7 11. Nd2 Nec5 12. Bc2 Ne5 13. N2b3 b6 14. Nxc5 bxc5 15. Nf3 Rb8 16. Bb3 Nd3+ 17. Kf1 Ba6 18. Kg1 c4 19. Bc2 Rxb2 20. Nd4 Qd5 21. Rh3 e5 22. Ne2 f5 23. Nc1 f4 24. Nxd3 cxd3 25. Bb3 Rxb3 26. axb3 Bb7 27. Qf3 Qxf3 28. gxf3 fxe3 29. f4 exf4 30. fxe3 Bxc3 0-1

[Event "Figueira da Foz op 10th"]
[Site "Figueira da Foz"]
[Date "2016.11.01"]
[Round "4"]
[White "Felizes, Paulo Alberto"]
[Black "Iagar, Razvan Gabriel"]
[Result "1/2-1/2"]
[WhiteElo "1900"]
[BlackElo "2155"]
[PlyCount "178"]
[EventDate "2016.10.30"]
[EventType "swiss"]
[EventRounds "9"]
[EventCountry "POR"]
[SourceTitle "CBM 175 Extra"]
[Source "ChessBase"]
[SourceDate "2016.12.12"]
[SourceVersion "1"]
[SourceVersionDate "2016.12.12"]
[SourceQuality "1"]

1. d4 d5 2. Bg5 c6 3. Nf3 h6 4. Bh4 Nf6 5. Bxf6 exf6 6. e3 Nd7 7. c4 dxc4 8. Bxc4 Nb6 9. Bb3 Bd6 10. 0-0 Qe7 11. a4 a5 12. Nc3 Be6 13. e4 0-0 14. Bxe6 Qxe6 15. d5 cxd5 16. exd5 Qg4 17. Re1 Rfe8 18. Qd3 Qc4 19. Qxc4 Nxc4 20. Rec1 Rad8 21. Rab1 Nb6 22. g3 Bb4 23. Rd1 Rd7 24. Nh4 g6 25. Ng2 Red8 26. Ne3 f5 27. Rd3 Bxc3 28. bxc3 Nxd5 29. Rb5 Nxe3 30. Rxe3 b6 31. Rxb6 Rd1+ 32. Kg2 Ra1 33. Rb5 Rxa4 34. Ree5 Rc4 35. Rxa5 Rxc3 36. Rac5 Rxc5 37. Rxc5 Kg7 38. h4 Rd4 39. Kf3 Ra4 40. Ke3 f4+ 41. Kf3 fxg3 42. fxg3 Ra3+ 43. Kf4 h5 44. Rc7 Ra1 45. Kf3 Rf1+ 46. Kg2 Re1 47. Kf2 Re6 48. Rb7 Kf6 49. Kf3 Re7 50. Rb6+ Kf5 51. Rb5+ Re5 52. Rb7 f6 53. Rb8 Ra5 54. Rb4 g5 55. hxg5 fxg5 56. Rc4 Ra3+ 57. Kf2 Rd3 58. Rb4 Rd5 59. Ra4 Re5 60. Kf3 g4+ 61. Kf2 Rb5 62. Ke3 Rb3+ 63. Kf2 Rf3+ 64. Kg2 Rd3 65. Kf2 Ke5 66. Rb4 Rd4 67. Rb3 Ke4 68. Re3+ Kd5 69. Ra3 Rc4 70. Rd3+ Ke4 71. Re3+ Kd4 72. Re2 Rc3 73. Rd2+ Rd3 74. Ra2 Rf3+ 75. Kg2 Rc3 76. Rd2+ Ke3 77. Rf2 Rc1 78. Rf8 Rc2+ 79. Kg1 Ra2 80. Rf7 Ra4 81. Kg2 Ra2+ 82. Kg1 Rd2 83. Rf8 Rd5 84. Kg2 Re5 85. Rf7 Kd2 86. Rd7+ Ke1 87. Rf7 Re2+ 88. Kg1 Re3 89. Kg2 Re2+ 1/2-1/2

[Event "Figueira da Foz op 10th"]
[Site "Figueira da Foz"]
[Date "2016.10.30"]
[Round "1"]
[White "Felizes, Paulo Alberto"]
[Black "Romanishin, Oleg M"]
[Result "0-1"]
[WhiteElo "1900"]
[BlackElo "2456"]
[PlyCount "152"]
[EventDate "2016.10.30"]
[EventType "swiss"]
[EventRounds "9"]
[EventCountry "POR"]
[SourceTitle "CBM 175 Extra"]
[Source "ChessBase"]
[SourceDate "2016.12.12"]
[SourceVersion "1"]
[SourceVersionDate "2016.12.12"]
[SourceQuality "1"]

1. d4 Nf6 2. Bg5 d5 3. Bxf6 exf6 4. e3 Be6 5. Nf3 c6 6. Nbd2 Nd7 7. Be2 f5 8. 0-0 Bd6 9. c4 0-0 10. Rc1 Nf6 11. cxd5 Nxd5 12. e4 fxe4 13. Nxe4 Bf4 14. Ra1 h6 15. Nc5 Bc8 16. Qb3 Qf6 17. Rad1 Bc7 18. Nd3 Rb8 19. Nde5 Nf4 20. Bc4 b5 21. Bd3 Be6 22. Qc2 Nxd3 23. Qxd3 Rbc8 24. b3 Bb6 25. Rc1 Bf5 26. Qe3 Qd6 27. Rfd1 f6 28. Nd3 Rfe8 29. Qf4 Qxf4 30. Nxf4 Re4 31. Nd3 Bg4 32. Nc5 Re2 33. a4 bxa4 34. bxa4 Rce8 35. h3 Bxf3 36. gxf3 Ra2 37. Ra1 Rxa1 38. Rxa1 Bxc5 39. dxc5 Re5 40. Rc1 a5 41. Rc4 Kf7 42. f4 Rf5 43. f3 Ke6 44. Kf2 Kd5 45. Re4 Kxc5 46. Ke3 Rd5 47. Re7 Kb4 48. Rxg7 c5 49. Rb7+ Kxa4 50. Rb6 c4 51. Rxf6 c3 52. Rc6 Kb4 53. Ke4 Rd7 54. f5 a4 55. f6 a3 56. Rb6+ Kc4 57. Rc6+ Kb3 58. Rb6+ Kc2 59. Ra6 Kb3 60. Rb6+ Kc4 61. Rc6+ Kb4 62. Rb6+ Kc5 63. Rb3 Ra7 64. Rxc3+ Kd6 65. Kf5 a2 66. Rd3+ Kc5 67. Rd1 a1Q 68. Rxa1 Rxa1 69. f7 Ra8 70. Ke6 Kd4 71. f4 h5 72. f5 h4 73. Kf6 Ke4 74. Ke6 Kf4 75. f6 Kg5 76. Ke7 Kg6 0-1